|
|
|
|
| LEADER |
00000nam0a2200000 4500 |
| 001 |
272953 |
| 005 |
20231101234602.0 |
| 020 |
|
|
|a RU
|b 87-68895
|
| 035 |
|
|
|a (RuTPU)RU\TPU\book\296162
|
| 090 |
|
|
|a 272953
|
| 100 |
|
|
|a 20141022d1987 k a0rusy5003 ca
|
| 101 |
0 |
|
|a rus
|
| 102 |
|
|
|a UA
|
| 105 |
|
|
|a y g 001zy
|
| 200 |
1 |
|
|a Физико-химические постоянные материалов и параметры процессов литья
|e справочник
|f А. Н. Цибрик, Л. А. Семенюк, В. А. Цибрик
|g Академия наук Украинской ССР (АН УССР), Институт проблем литья
|
| 210 |
|
|
|a Киев
|c Наукова думка
|d 1987
|
| 215 |
|
|
|a 270 с.
|
| 320 |
|
|
|a Библиогр.: с. 250-255 (139 назв.)
|
| 606 |
1 |
|
|a Литейное производство
|x Физико-химические основы
|2 stltpush
|3 (RuTPU)RU\TPU\subj\40320
|9 60176
|
| 610 |
1 |
|
|a справочники
|
| 610 |
1 |
|
|a литье
|
| 610 |
1 |
|
|a процессы
|
| 610 |
1 |
|
|a технология
|
| 610 |
1 |
|
|a атомно-молекулярная структура
|
| 610 |
1 |
|
|a теплопроводность
|
| 610 |
1 |
|
|a кристаллохимические свойства
|
| 610 |
1 |
|
|a кристаллические решетки
|
| 610 |
1 |
|
|a фазовые переходы
|
| 675 |
|
|
|a 621.74.01(035.5)
|z rus
|
| 700 |
|
1 |
|a Цибрик
|b А. Н.
|g Алексей Николаевич
|4 070
|
| 701 |
|
1 |
|a Семенюк
|b Л. А.
|
| 701 |
|
1 |
|a Цибрик
|b В. А.
|
| 712 |
0 |
2 |
|a Академия наук Украинской ССР (АН УССР)
|b Институт проблем литья
|2 stltpush
|3 (RuTPU)RU\TPU\col\11734
|
| 801 |
|
0 |
|a RU
|b RuMRKP
|c 19950417
|g psbo
|
| 801 |
|
1 |
|a RU
|b 63413507
|c 20141022
|
| 801 |
|
2 |
|a RU
|b 63413507
|c 20150821
|g RCR
|
| 942 |
|
|
|c BK
|